[Event "BL2-Ost 2223"]
[Site "Germany"]
[Date "2023.03.19"]
[Round "10.5"]
[White "Kalkhof, Stefan"]
[Black "Mueller, Matthias"]
[Result "1/2-1/2"]
[WhiteElo "2222"]
[BlackElo "2384"]
[PlyCount "25"]
[EventDate "2022.10.22"]
[EventType "team-tourn"]
[EventRounds "10"]
[EventCountry "GER"]
[SourceTitle "EXT 2024"]
[Source "ChessBase"]
[SourceDate "2023.10.10"]
[SourceVersion "1"]
[SourceVersionDate "2023.10.10"]
[SourceQuality "1"]
[WhiteTeam "Leipzig SG"]
[BlackTeam "Erfurt"]
[WhiteTeamCountry "GER"]
[BlackTeamCountry "GER"]

1. Nf3 d5 2. c4 e6 3. d4 Nf6 4. Nc3 Be7 5. Bg5 h6 6. Bh4 0-0 7. e3 b6 8. cxd5 Nxd5 9. Bxe7 Qxe7 10. Nxd5 exd5 11. Bd3 c5 12. b3 Ba6 13. 0-0 1/2-1/2

[Event "BL2-Ost 2122"]
[Site "Germany"]
[Date "2022.06.19"]
[Round "8.5"]
[White "Mueller, Matthias"]
[Black "Mertens, Fridolin"]
[Result "1/2-1/2"]
[WhiteElo "2387"]
[BlackElo "2113"]
[PlyCount "79"]
[EventDate "2022.03.05"]
[EventType "team-tourn"]
[EventRounds "10"]
[EventCountry "GER"]
[SourceTitle "EXT 2023"]
[Source "ChessBase"]
[SourceDate "2022.10.05"]
[SourceVersion "1"]
[SourceVersionDate "2022.10.05"]
[SourceQuality "1"]
[WhiteTeam "Erfurt"]
[BlackTeam "Loeberitz"]
[WhiteTeamCountry "GER"]
[BlackTeamCountry "GER"]

1. e4 c6 2. d4 d5 3. Nc3 dxe4 4. Nxe4 Nf6 5. Nxf6+ exf6 6. c3 Bd6 7. Bd3 0-0 8. Qc2 Re8+ 9. Ne2 h5 10. 0-0 h4 11. h3 Nd7 12. Be3 Nf8 13. c4 Be6 14. Rad1 Rc8 15. Qd2 Ng6 16. f4 f5 17. Kh1 Qe7 18. Rf3 b5 19. b3 bxc4 20. bxc4 Rb8 21. Qc2 Ba3 22. Bc1 Bxc1 23. Nxc1 Qb4 24. Nb3 Red8 25. Bxf5 Bxf5 26. Qxf5 Qxc4 27. Rc1 Qe2 28. Qa5 Re8 29. f5 Ne7 30. Re1 Qb5 31. Qxb5 cxb5 32. Rfe3 Kf8 33. Nc5 Rbd8 34. Re4 Rd5 35. Rxh4 Red8 36. f6 gxf6 37. Rh8+ Ng8 38. Re3 Kg7 39. Rh4 Nh6 40. Ra3 1/2-1/2

[Event "BL2-Ost 1617"]
[Site "Germany"]
[Date "2017.02.19"]
[Round "8.5"]
[White "Koepke, Elena"]
[Black "Mueller, Matthias"]
[Result "1/2-1/2"]
[WhiteElo "2340"]
[BlackElo "2385"]
[PlyCount "87"]
[EventDate "2016.10.14"]
[EventType "team-tourn"]
[EventRounds "10"]
[EventCountry "GER"]
[SourceTitle "CBM 177 Extra"]
[Source "ChessBase"]
[SourceDate "2017.04.27"]
[SourceVersion "1"]
[SourceVersionDate "2017.04.27"]
[SourceQuality "1"]
[WhiteTeam "Garching"]
[BlackTeam "Erfurt"]
[WhiteTeamCountry "GER"]
[BlackTeamCountry "GER"]

1. e4 e5 2. Nf3 Nc6 3. Bb5 a6 4. Ba4 Nf6 5. 0-0 b5 6. Bb3 Bc5 7. a4 Rb8 8. d3 0-0 9. Bg5 h6 10. Bh4 Be7 11. Nc3 d6 12. h3 Na5 13. Ba2 b4 14. Ne2 Be6 15. Bxe6 fxe6 16. Bxf6 Bxf6 17. Nh2 Qe8 18. Ng4 Bg5 19. d4 h5 20. Nh2 exd4 21. Nxd4 Bf6 22. Rb1 Bxd4 23. Qxd4 Qxa4 24. Ra1 Qb5 25. Nf3 Nc6 26. Qe3 a5 27. Ng5 Rf6 28. h4 Rbf8 29. f3 Qb6 30. Qxb6 cxb6 31. Rfd1 e5 32. Rd5 Nd4 33. c3 bxc3 34. bxc3 Ne6 35. Rb5 Nxg5 36. hxg5 Rg6 37. Rxb6 Rxg5 38. Kf2 Rc8 39. Rxd6 Rxc3 40. Ra2 h4 41. Ra6 Rh5 42. R6xa5 h3 43. gxh3 Rxh3 44. Kg2 1/2-1/2

[Event "BL2-Ost 1617"]
[Site "Germany"]
[Date "2017.02.18"]
[Round "7.5"]
[White "Mueller, Matthias"]
[Black "Hellmayr, Alois"]
[Result "1-0"]
[WhiteElo "2385"]
[BlackElo "2252"]
[PlyCount "101"]
[EventDate "2016.10.14"]
[EventType "team-tourn"]
[EventRounds "10"]
[EventCountry "GER"]
[SourceTitle "CBM 177 Extra"]
[Source "ChessBase"]
[SourceDate "2017.04.27"]
[SourceVersion "1"]
[SourceVersionDate "2017.04.27"]
[SourceQuality "1"]
[WhiteTeam "Erfurt"]
[BlackTeam "Passau"]
[WhiteTeamCountry "GER"]
[BlackTeamCountry "GER"]

1. e4 c5 2. Nf3 e6 3. d4 cxd4 4. Nxd4 a6 5. c4 Nf6 6. Nc3 Qc7 7. a3 d6 8. Be3 Nbd7 9. Be2 b6 10. Rc1 Bb7 11. f3 Be7 12. 0-0 0-0 13. b4 Rac8 14. Qd2 Qb8 15. Kh1 Bd8 16. Rc2 Bc7 17. Bg1 Rfe8 18. Na4 Ne5 19. Nb2 d5 20. exd5 exd5 21. c5 b5 22. a4 Nc4 23. Nxc4 dxc4 24. axb5 axb5 25. Nxb5 Bf4 26. Qc3 Ba6 27. Nd4 Nd5 28. Qa3 Bb7 29. Bxc4 Ne3 30. Bxe3 Rxe3 31. Rc3 Rxc3 32. Qxc3 Bxh2 33. Nf5 Be5 34. Qe3 Kh8 35. f4 Bc7 36. Qd4 Rg8 37. Nh6 Rf8 38. Nxf7+ Rxf7 39. Bxf7 Qc8 40. Kg1 Qf5 41. Bc4 h5 42. Qe3 Qg6 43. Rf2 Qb1+ 44. Kh2 Qg6 45. b5 h4 46. c6 Bc8 47. Re2 Qg4 48. Qe8+ Kh7 49. Bd3+ Bf5 50. Bxf5+ Qxf5 51. Qe4 1-0

[Event "BL2-Ost 1617"]
[Site "Germany"]
[Date "2016.11.19"]
[Round "3.4"]
[White "Cech, Pavel"]
[Black "Mueller, Matthias"]
[Result "0-1"]
[WhiteElo "2355"]
[BlackElo "2385"]
[PlyCount "100"]
[EventDate "2016.10.14"]
[EventType "team-tourn"]
[EventRounds "10"]
[EventCountry "GER"]
[SourceTitle "CBM 177 Extra"]
[Source "ChessBase"]
[SourceDate "2017.04.27"]
[SourceVersion "1"]
[SourceVersionDate "2017.04.27"]
[SourceQuality "1"]
[WhiteTeam "Bindlach"]
[BlackTeam "Erfurt"]
[WhiteTeamCountry "GER"]
[BlackTeamCountry "GER"]

1. d4 d5 2. c4 e6 3. Nc3 c5 4. e3 Nf6 5. Nf3 Nc6 6. a3 a6 7. dxc5 Bxc5 8. b4 Ba7 9. Bb2 0-0 10. cxd5 exd5 11. Ne2 Bg4 12. Ned4 Nxd4 13. Bxd4 Bxf3 14. gxf3 Bxd4 15. Qxd4 a5 16. b5 Rc8 17. Bd3 Qd6 18. Rg1 Rc5 19. Ke2 Rfc8 20. f4 g6 21. f5 Rc2+ 22. Bxc2 Rxc2+ 23. Kd1 Rxf2 24. fxg6 hxg6 25. Qh4 Ne4 26. Rc1 Qd7 27. Ke1 Kg7 28. a4 Qd6 29. Rb1 Qc5 30. Qxf2 Nxf2 31. Kxf2 Qc2+ 32. Kg3 Qxa4 33. b6 Qe4 34. Kf2 d4 35. exd4 Qxd4+ 36. Ke2 Qe5+ 37. Kd3 Qxh2 38. Rgc1 Qe5 39. Kc4 g5 40. Re1 Qd6 41. Red1 Qc6+ 42. Kd4 Kg6 43. Rdc1 Qd6+ 44. Kc4 f6 45. Kb5 Qd5+ 46. Ka4 g4 47. Rb3 f5 48. Rcc3 f4 49. Rd3 Qc4+ 50. Ka3 g3 0-1

[Event "Bundesliga 1516"]
[Site "Germany"]
[Date "2015.09.19"]
[Round "1.8"]
[White "Mueller, Matthias"]
[Black "Gonda, Laszlo"]
[Result "0-1"]
[WhiteElo "2388"]
[BlackElo "2547"]
[PlyCount "68"]
[EventDate "2015.09.18"]
[EventType "team-tourn"]
[EventRounds "15"]
[EventCountry "GER"]
[SourceTitle "EXT 2016"]
[Source "ChessBase"]
[SourceDate "2015.10.08"]
[SourceVersion "1"]
[SourceVersionDate "2015.10.08"]
[SourceQuality "1"]
[WhiteTeam "Erfurt"]
[BlackTeam "Trier"]
[WhiteTeamCountry "GER"]
[BlackTeamCountry "GER"]

1. e4 e6 2. d4 d5 3. Nc3 Bb4 4. e5 Ne7 5. a3 Bxc3+ 6. bxc3 b6 7. Qg4 Ng6 8. h4 h5 9. Qg3 Ba6 10. Bxa6 Nxa6 11. Bg5 Qd7 12. Ne2 Nb8 13. 0-0 Nc6 14. Qf3 Nge7 15. Nf4 g6 16. Rfd1 Na5 17. Nh3 Nf5 18. Bf6 Rg8 19. Qf4 Qa4 20. Ra2 Qc4 21. Raa1 Qxc3 22. Ng5 Rc8 23. Rac1 Qc4 24. Kh2 c5 25. Nf3 Rc7 26. c3 Nb3 27. Nd2 Nxd2 28. Qxd2 Kd7 29. a4 Rgc8 30. Ra1 cxd4 31. cxd4 Qc3 32. a5 Qxd2 33. Rxd2 b5 34. a6 Rc2 0-1

[Event "BL2-Ost 1415"]
[Site "Germany"]
[Date "2014.12.06"]
[Round "5.6"]
[White "Rosko, Lubos"]
[Black "Mueller, Matthias"]
[Result "1/2-1/2"]
[WhiteElo "2358"]
[BlackElo "2386"]
[PlyCount "32"]
[EventDate "2014.10.18"]
[EventType "team-tourn"]
[EventRounds "10"]
[EventCountry "GER"]
[SourceTitle "CBM 166 Extra"]
[Source "ChessBase"]
[SourceDate "2015.06.18"]
[SourceVersion "1"]
[SourceVersionDate "2015.06.18"]
[SourceQuality "1"]
[WhiteTeam "Aue Nickelhuette"]
[BlackTeam "Erfurt"]
[WhiteTeamCountry "GER"]
[BlackTeamCountry "GER"]

1. d4 d5 2. c4 e6 3. Nc3 c6 4. e4 dxe4 5. Nxe4 Bb4+ 6. Bd2 Qxd4 7. Bxb4 Qxe4+ 8. Be2 Nd7 9. Nf3 c5 10. Bc3 Ngf6 11. Qd6 Qg6 12. Nd2 a5 13. Bf3 Ra6 14. Qc7 0-0 15. 0-0-0 e5 16. Rhe1 Ra8 1/2-1/2

[Event "BL2-Ost 1415"]
[Site "Germany"]
[Date "2014.11.09"]
[Round "4.6"]
[White "Testor, Sebastian"]
[Black "Mueller, Matthias"]
[Result "0-1"]
[WhiteElo "2283"]
[BlackElo "2386"]
[PlyCount "122"]
[EventDate "2014.10.18"]
[EventType "team-tourn"]
[EventRounds "10"]
[EventCountry "GER"]
[SourceTitle "CBM 166 Extra"]
[Source "ChessBase"]
[SourceDate "2015.06.18"]
[SourceVersion "1"]
[SourceVersionDate "2015.06.18"]
[SourceQuality "1"]
[WhiteTeam "Passau"]
[BlackTeam "Erfurt"]
[WhiteTeamCountry "GER"]
[BlackTeamCountry "GER"]

1. Nf3 d5 2. c4 e6 3. g3 Nf6 4. Bg2 dxc4 5. Qa4+ Nbd7 6. Qxc4 c5 7. Qb3 Rb8 8. a4 b6 9. Na3 a6 10. d3 Bd6 11. 0-0 Bb7 12. Bd2 0-0 13. Nc4 Bc7 14. Rfc1 Qe7 15. Qd1 Rfd8 16. Qe1 e5 17. Ra3 h6 18. Nh4 Bxg2 19. Nxg2 Qe6 20. Qf1 b5 21. axb5 axb5 22. Nce3 e4 23. dxe4 Nxe4 24. Be1 Be5 25. Nf4 Bxf4 26. gxf4 c4 27. Qg2 Ndf6 28. Bb4 Nd5 29. Nxd5 Qxd5 30. Ra6 Qd4 31. Bc3 Nxc3 32. bxc3 Qxf4 33. e3 Qh4 34. Qg3 Qxg3+ 35. hxg3 Rd2 36. Rca1 Rb2 37. Kg2 Rd8 38. Ra8 Rxa8 39. Rxa8+ Kh7 40. Ra6 h5 41. Rb6 f6 42. Kf3 Kg6 43. Ke4 Rxf2 44. Rxb5 Rg2 45. Kd4 Rxg3 46. Kxc4 Rxe3 47. Kd4 Re8 48. c4 h4 49. c5 h3 50. c6 h2 51. Rb1 Rh8 52. Rh1 Kf5 53. Kd5 Kf4 54. c7 Kg3 55. Rd1 Rc8 56. Kc6 g5 57. Kd7 Rxc7+ 58. Kxc7 g4 59. Kd6 Kg2 60. Rd2+ Kh3 61. Rd1 g3 0-1

[Event "BL2-Ost 1213"]
[Site "Germany"]
[Date "2013.03.17"]
[Round "8.5"]
[White "Puls, Thomas"]
[Black "Mueller, Matthias"]
[Result "0-1"]
[WhiteElo "2185"]
[BlackElo "2402"]
[PlyCount "62"]
[EventDate "2012.10.14"]
[EventType "team-tourn"]
[EventRounds "9"]
[EventCountry "GER"]
[SourceTitle "CBM 154 Extra"]
[Source "ChessBase"]
[SourceDate "2013.06.25"]
[SourceVersion "2"]
[SourceVersionDate "2013.06.25"]
[SourceQuality "1"]
[WhiteTeam "Halle Volksbank"]
[BlackTeam "Erfurt"]
[WhiteTeamCountry "GER"]
[BlackTeamCountry "GER"]

1. f4 d5 2. Nf3 Nf6 3. e3 Bg4 4. Be2 Nbd7 5. 0-0 Bxf3 6. Bxf3 e5 7. d4 exd4 8. exd4 Be7 9. Nc3 c6 10. Qd3 0-0 11. Bd2 Ne8 12. Rae1 Nd6 13. Nd1 Re8 14. Nf2 Qb6 15. b3 Bf6 16. c3 Be7 17. Kh1 Bf8 18. Ng4 Rad8 19. f5 Qb5 20. Qc2 Rxe1 21. Rxe1 Re8 22. Kg1 Rxe1+ 23. Bxe1 h5 24. Ne3 Nf6 25. a4 Qb6 26. Qd1 Nde4 27. c4 Bb4 28. c5 Qa5 29. Bh4 Bd2 30. Nf1 Qc3 31. Bxf6 Be3+ 0-1

[Event "BL2-Ost 1213"]
[Site "Germany"]
[Date "2013.02.03"]
[Round "6.5"]
[White "Spiess, Gunter"]
[Black "Mueller, Matthias"]
[Result "1-0"]
[WhiteElo "2415"]
[BlackElo "2402"]
[PlyCount "149"]
[EventDate "2012.10.14"]
[EventType "team-tourn"]
[EventRounds "9"]
[EventCountry "GER"]
[SourceTitle "CBM 154 Extra"]
[Source "ChessBase"]
[SourceDate "2013.06.25"]
[SourceVersion "2"]
[SourceVersionDate "2013.06.25"]
[SourceQuality "1"]
[WhiteTeam "Aue Nickelhuette"]
[BlackTeam "Erfurt"]
[WhiteTeamCountry "GER"]
[BlackTeamCountry "GER"]

1. d4 d5 2. c4 c6 3. Nf3 Nf6 4. e3 e6 5. Bd3 Nbd7 6. Nbd2 c5 7. 0-0 Be7 8. b3 0-0 9. Bb2 b6 10. Qe2 Bb7 11. Rfd1 cxd4 12. exd4 Rc8 13. Ne5 Rc7 14. Ndf3 Bd6 15. Rac1 Qe7 16. Rc2 h6 17. Bc1 Rfc8 18. h3 Nf8 19. Bf4 Ne4 20. Qe3 f6 21. Ng4 Bxf4 22. Qxf4 Ng6 23. Qe3 Qd6 24. Rdc1 h5 25. Ngh2 Qf4 26. Nf1 Qxe3 27. fxe3 Ne7 28. N3d2 Nf5 29. cxd5 Rxc2 30. Rxc2 Rxc2 31. Bxc2 exd5 32. Bxe4 dxe4 33. Kf2 h4 34. Nc4 Kf8 35. g4 hxg3+ 36. Nxg3 Nxg3 37. Kxg3 Ke7 38. h4 Ke6 39. Kf4 g6 40. Nd2 f5 41. Kg5 b5 42. Nf1 Kf7 43. b4 Bd5 44. a3 Bb3 45. Ng3 Bd1 46. h5 gxh5 47. Nxf5 Ke6 48. Ng7+ Kd5 49. Nxh5 Bc2 50. Nf4+ Kd6 51. Kf5 Bd3 52. Kg5 Bc2 53. Kg4 Bd1+ 54. Kg3 Kc6 55. Kh4 Kd6 56. Kg5 Bc2 57. Kf6 Bd3 58. Kf7 Kd7 59. Ng6 Bc4+ 60. Kf6 Kd6 61. Ne5 Bd3 62. Kf5 Bc2 63. Kf4 Kd5 64. Ng4 Ke6 65. Ne5 Kd5 66. Nd7 Ke6 67. Nc5+ Kd5 68. Kg5 Kd6 69. Kf6 Bd3 70. Kf7 Bc4+ 71. Ke8 Bd5 72. Kd8 Kc6 73. Ke7 Kb6 74. Nd7+ Kc6 75. Nf6 1-0

[Event "BL2-Ost 1213"]
[Site "Germany"]
[Date "2012.11.25"]
[Round "3.3"]
[White "Mueller, Matthias"]
[Black "Graf, Felix"]
[Result "1/2-1/2"]
[WhiteElo "2402"]
[BlackElo "2449"]
[PlyCount "49"]
[EventDate "2012.10.14"]
[EventType "team-tourn"]
[EventRounds "9"]
[EventCountry "GER"]
[SourceTitle "CBM 154 Extra"]
[Source "ChessBase"]
[SourceDate "2013.06.25"]
[SourceVersion "2"]
[SourceVersionDate "2013.06.25"]
[SourceQuality "1"]
[WhiteTeam "Erfurt"]
[BlackTeam "Bayern Muenchen"]
[WhiteTeamCountry "GER"]
[BlackTeamCountry "GER"]

1. e4 e6 2. d4 d5 3. Nc3 h6 4. Bd3 Nc6 5. Nf3 Nb4 6. Bb5+ c6 7. Be2 Nf6 8. e5 Ne4 9. a3 Nxc3 10. bxc3 Na6 11. 0-0 Bd7 12. a4 Qa5 13. Bd2 Qc7 14. Bxa6 bxa6 15. Qe2 c5 16. c4 Be7 17. cxd5 exd5 18. c4 Be6 19. cxd5 Bxd5 20. dxc5 0-0 21. Be3 Rfc8 22. Rfc1 Qc6 23. Rc3 Rab8 24. h3 Rb4 25. Ne1 1/2-1/2

[Event "BL2-Ost 1112"]
[Site "Germany"]
[Date "2012.03.18"]
[Round "8.4"]
[White "Mueller, Matthias"]
[Black "Neuman, Petr"]
[Result "1/2-1/2"]
[WhiteElo "2394"]
[BlackElo "2463"]
[PlyCount "36"]
[EventDate "2011.10.02"]
[EventType "team-tourn"]
[EventRounds "9"]
[EventCountry "GER"]
[SourceTitle "EXT 2015"]
[Source "ChessBase"]
[SourceDate "2014.11.20"]
[SourceVersion "1"]
[SourceVersionDate "2014.11.20"]
[SourceQuality "1"]
[WhiteTeam "Erfurt"]
[BlackTeam "Bindlach"]
[WhiteTeamCountry "GER"]
[BlackTeamCountry "GER"]

1. e4 d6 2. d4 Nf6 3. Nc3 e5 4. Nf3 Nbd7 5. Bc4 Be7 6. 0-0 0-0 7. Re1 c6 8. a4 a5 9. h3 Nb6 10. Bd3 exd4 11. Nxd4 d5 12. e5 Ne8 13. Qh5 g6 14. Qh6 Ng7 15. Nf3 Ne6 16. Ne2 Nd7 17. Nf4 Ndc5 18. Nxe6 Nxe6 1/2-1/2

[Event "BL2-Ost 1011"]
[Site "Germany"]
[Date "2011.02.27"]
[Round "7.4"]
[White "Loxine, Jakov"]
[Black "Mueller, Matthias"]
[Result "1-0"]
[WhiteElo "2384"]
[BlackElo "2387"]
[PlyCount "55"]
[EventDate "2010.10.10"]
[EventType "team-tourn"]
[EventRounds "9"]
[EventCountry "GER"]
[SourceTitle "EXT 2012"]
[Source "ChessBase"]
[SourceDate "2011.11.24"]
[SourceVersion "1"]
[SourceVersionDate "2011.11.24"]
[SourceQuality "1"]
[WhiteTeam "Dresden TU"]
[BlackTeam "Erfurt SK"]
[WhiteTeamCountry "GER"]
[BlackTeamCountry "GER"]

1. e4 e5 2. Nf3 Nc6 3. Bc4 Bc5 4. c3 Nf6 5. d3 a6 6. Bb3 Ba7 7. h3 d5 8. exd5 Nxd5 9. 0-0 0-0 10. Re1 Be6 11. Ng5 h6 12. Nxe6 fxe6 13. Be3 Bxe3 14. fxe3 Qh4 15. Qe2 Rf6 16. Nd2 Rg6 17. Rf1 Qxh3 18. Rf3 Qh4 19. Raf1 Rd8 20. Ne4 Nce7 21. Nc5 b6 22. Nxa6 Ra8 23. c4 Nxe3 24. Rxe3 Rxa6 25. Re4 Qg5 26. Rxe5 Nf5 27. Qe4 Nd4 28. Rxg5 1-0

[Event "Dresden ZMD op"]
[Site "Dresden"]
[Date "2010.07.17"]
[Round "8"]
[White "Mueller, Matthias"]
[Black "Seres, Lajos"]
[Result "0-1"]
[WhiteElo "2001"]
[BlackElo "2460"]
[PlyCount "116"]
[EventDate "2010.07.10"]
[EventType "swiss"]
[EventRounds "9"]
[EventCountry "GER"]
[SourceTitle "CBM 137 Extra"]
[Source "ChessBase"]
[SourceDate "2010.09.01"]
[SourceVersion "1"]
[SourceVersionDate "2010.09.01"]
[SourceQuality "1"]

1. d4 Nf6 2. Nf3 d5 3. Bf4 c5 4. e3 Nc6 5. c3 Qb6 6. Qb3 c4 7. Qc2 Bf5 8. Qc1 h6 9. h3 e6 10. Nbd2 Rc8 11. Be2 Be7 12. 0-0 0-0 13. Re1 Qd8 14. Bd1 b5 15. Bc2 b4 16. e4 dxe4 17. Nxe4 Nd5 18. Bd2 bxc3 19. bxc3 Qa5 20. a4 Rb8 21. g4 Bh7 22. Rb1 Nf6 23. Nxf6+ Bxf6 24. Bxh7+ Kxh7 25. Qc2+ Kg8 26. Bf4 Rxb1 27. Rxb1 Rc8 28. Rb5 Qd8 29. g5 a6 30. Rc5 Be7 31. Rxc4 hxg5 32. Bg3 f6 33. Qe2 Qd7 34. Nd2 Kf7 35. Qh5+ Kg8 36. Qe2 g6 37. Ne4 Kf7 38. Nc5 Qd5 39. Nxa6 Ne5 40. Rxc8 Nf3+ 41. Qxf3 Qxf3 42. Rc7 e5 43. dxe5 f5 44. Nb4 f4 45. Bh2 Ke6 46. Nc6 Qd1+ 47. Kg2 Qd5+ 48. f3 Qd2+ 49. Kh1 Qd1+ 50. Kg2 Qe2+ 51. Kg1 Bc5+ 52. Nd4+ Bxd4+ 53. cxd4 Qxf3 54. Rg7 Qd1+ 55. Kf2 Qxd4+ 56. Kf3 Qe3+ 57. Kg4 Qe2+ 58. Kxg5 Qh5+ 0-1

[Event "Dresden ZMD op"]
[Site "Dresden"]
[Date "2010.07.14"]
[Round "5"]
[White "Mueller, Matthias"]
[Black "Moehn, Hans"]
[Result "1-0"]
[WhiteElo "2001"]
[BlackElo "2024"]
[PlyCount "55"]
[EventDate "2010.07.10"]
[EventType "swiss"]
[EventRounds "9"]
[EventCountry "GER"]
[SourceTitle "CBM 137 Extra"]
[Source "ChessBase"]
[SourceDate "2010.09.01"]
[SourceVersion "1"]
[SourceVersionDate "2010.09.01"]
[SourceQuality "1"]

1. d4 Nf6 2. Nf3 g6 3. Bf4 Bg7 4. e3 d6 5. Bc4 Nh5 6. Bg5 h6 7. Bh4 g5 8. Bg3 e6 9. Qd3 Nc6 10. c3 Qe7 11. Nbd2 Bd7 12. b4 f5 13. b5 Na5 14. h3 e5 15. Ng1 Nxg3 16. fxg3 Nxc4 17. Nxc4 0-0-0 18. Ne2 Bxb5 19. Nxd6+ Rxd6 20. Qxb5 exd4 21. 0-0 Qxe3+ 22. Kh2 d3 23. Qxf5+ Kb8 24. Nd4 Rf6 25. Qd7 Rxf1 26. Nc6+ Ka8 27. Rxf1 Bxc3 28. Nd8 1-0

[Event "Dresden ZMD op"]
[Site "Dresden"]
[Date "2010.07.11"]
[Round "2"]
[White "Mueller, Matthias"]
[Black "Kipper, Siegfried"]
[Result "1-0"]
[WhiteElo "2001"]
[BlackElo "1870"]
[PlyCount "65"]
[EventDate "2010.07.10"]
[EventType "swiss"]
[EventRounds "9"]
[EventCountry "GER"]
[SourceTitle "CBM 137 Extra"]
[Source "ChessBase"]
[SourceDate "2010.09.01"]
[SourceVersion "1"]
[SourceVersionDate "2010.09.01"]
[SourceQuality "1"]

1. d4 Nf6 2. Nf3 g6 3. Bf4 Bg7 4. e3 d6 5. Bc4 0-0 6. h3 c6 7. a4 Qb6 8. b3 Nbd7 9. 0-0 Nh5 10. Bh2 Qd8 11. Nbd2 Nb6 12. Bd3 Nd5 13. Re1 Nb4 14. Bc4 d5 15. c3 dxc4 16. cxb4 cxb3 17. Nxb3 Nf6 18. e4 b6 19. Rc1 Bb7 20. a5 Bh6 21. Rc2 Rc8 22. Qd3 Bg7 23. Bf4 Nh5 24. Be5 Bh6 25. Qc4 Nf4 26. Re3 Ne6 27. Rec3 Qd7 28. Kh2 Bf4+ 29. g3 Bh6 30. g4 Bg7 31. Bg3 c5 32. dxc5 Bxe4 33. Qxe4 1-0

[Event "Bundesliga 0910"]
[Site "Germany"]
[Date "2009.11.15"]
[Round "4.6"]
[White "Mueller, Matthias"]
[Black "Gustafsson, Jan"]
[Result "0-1"]
[WhiteElo "2410"]
[BlackElo "2622"]
[PlyCount "74"]
[EventDate "2009.10.16"]
[EventType "team-tourn"]
[EventRounds "15"]
[EventCountry "GER"]
[SourceTitle "EXT 2010"]
[Source "ChessBase"]
[SourceDate "2010.11.25"]
[SourceVersion "1"]
[SourceVersionDate "2010.11.25"]
[SourceQuality "1"]
[WhiteTeam "Erfurt"]
[BlackTeam "Baden-Baden"]
[WhiteTeamCountry "GER"]
[BlackTeamCountry "GER"]

1. e4 e5 2. Nf3 Nc6 3. d4 exd4 4. Nxd4 Nf6 5. Nxc6 bxc6 6. e5 Qe7 7. Qe2 Nd5 8. c4 Ba6 9. b3 g6 10. f4 d6 11. Qf2 Nf6 12. Ba3 Qe6 13. Be2 dxe5 14. fxe5 Bxa3 15. Nxa3 Nd7 16. 0-0 0-0 17. Nc2 Nxe5 18. Rae1 Qe7 19. Bf3 Bb7 20. Nd4 Qc5 21. b4 Nxf3+ 22. Nxf3 Qxf2+ 23. Rxf2 Rfe8 24. Rfe2 Rxe2 25. Rxe2 Kf8 26. Kf2 a5 27. a3 axb4 28. axb4 Ra4 29. Rd2 Ke7 30. Re2+ Kf6 31. g4 h6 32. h4 c5 33. g5+ hxg5 34. hxg5+ Kf5 35. Ne5 cxb4 36. Nxf7 b3 37. Kg3 Be4 0-1

[Event "Bundesliga 0910"]
[Site "Germany"]
[Date "2009.10.17"]
[Round "1.5"]
[White "Mueller, Matthias"]
[Black "Brandenburg, Daan"]
[Result "0-1"]
[WhiteElo "2410"]
[BlackElo "2480"]
[PlyCount "72"]
[EventDate "2009.10.16"]
[EventType "team-tourn"]
[EventRounds "15"]
[EventCountry "GER"]
[SourceTitle "CBM 132 Extra"]
[Source "ChessBase"]
[SourceDate "2009.11.03"]
[SourceVersion "1"]
[SourceVersionDate "2009.11.03"]
[SourceQuality "1"]
[WhiteTeam "Erfurt"]
[BlackTeam "Emsdetten Turm"]
[WhiteTeamCountry "GER"]
[BlackTeamCountry "GER"]

1. e4 c5 2. Nf3 d6 3. d4 cxd4 4. Nxd4 Nf6 5. Nc3 Nc6 6. Bg5 e6 7. Qd2 a6 8. 0-0-0 Bd7 9. f4 h6 10. Bh4 g5 11. fxg5 Ng4 12. Be2 Nge5 13. Nf3 Be7 14. Rhg1 b5 15. Rdf1 hxg5 16. Bxg5 Bxg5 17. Nxg5 Qa5 18. Qxd6 b4 19. Nd5 exd5 20. exd5 0-0-0 21. dxc6 Bxc6 22. Bxa6+ Bb7 23. Bxb7+ Kxb7 24. Rxf7+ Nxf7 25. Qe7+ Ka8 26. Nxf7 Rhe8 27. Qf6 b3 28. Qf3+ Rd5 29. c3 bxa2 30. Kc2 Qb5 31. b4 Qc4 32. Kb2 Re2+ 33. Ka1 Ka7 34. Rc1 Rdd2 35. Ng5 Re7 36. h4 Qb3 0-1

[Event "BL2-Ost 0809"]
[Site "Germany"]
[Date "2009.02.01"]
[Round "6.5"]
[White "Mueller, Matthias"]
[Black "Quast, Michael"]
[Result "1-0"]
[WhiteElo "2385"]
[BlackElo "2250"]
[PlyCount "91"]
[EventDate "2008.10.05"]
[EventType "team-tourn"]
[EventRounds "9"]
[EventCountry "GER"]
[SourceTitle "CBM 129 Extra"]
[Source "ChessBase"]
[SourceDate "2009.05.05"]
[SourceVersion "2"]
[SourceVersionDate "2009.05.20"]
[SourceQuality "1"]
[WhiteTeam "Erfurt"]
[BlackTeam "Chemnitz"]
[WhiteTeamCountry "GER"]
[BlackTeamCountry "GER"]

1. e4 e5 2. Nf3 Nf6 3. d4 Nxe4 4. Bd3 d5 5. Nxe5 Nd7 6. Nxd7 Bxd7 7. 0-0 Bd6 8. c4 c6 9. cxd5 cxd5 10. Nc3 Nxc3 11. bxc3 0-0 12. Qh5 f5 13. Re1 Qf6 14. Rb1 Rab8 15. Qf3 Bc6 16. Bf4 g6 17. Bc2 Rbe8 18. Qg3 Bxf4 19. Qxf4 Re6 20. Re5 Rxe5 21. dxe5 Qe6 22. Bb3 b5 23. Qd4 Rf7 24. Rd1 Rd7 25. f4 Kf7 26. Rd3 Qe7 27. Re3 Ke6 28. h3 h5 29. Kh2 h4 30. Rd3 Kf7 31. Qf2 Rd8 32. Qd2 Qc5 33. Qe1 Qe7 34. Re3 Ke6 35. Qf2 Rc8 36. Rd3 Rd8 37. Rd4 Rd7 38. Bd1 Rd8 39. Bf3 Rd7 40. Rd2 Rd8 41. a4 Rd7 42. Qd4 bxa4 43. c4 Qd8 44. Qc5 Qa8 45. Rd4 Qb7 46. Qf8 1-0